[Event "Quebec op"]
[Site "Montreal CAN"]
[Date "2016.07.23"]
[Round "1.1"]
[White "Sambuev, Bator"]
[Black "Gelet, Seymour"]
[Result "1-0"]
[WhiteElo "2536"]
[BlackElo "2011"]
[PlyCount "29"]
[EventDate "2016.07.23"]
[EventType "swiss"]
[EventRounds "8"]
[EventCountry "CAN"]

1. Nf3 d5 2. c4 e6 3. d4 c6 4. Nc3 Nf6 5. Bg5 Be7 6. e3 Nbd7 7. Qc2 O-O 8.
O-O-O dxc4 9. Bxc4 Nd5 10. h4 Re8 11. Nxd5 cxd5 12. Bd3 Nf8 13. Bf4 Qa5 14. Ng5
h6 15. Bh7+ 1-0

[Event "Quebec op"]
[Site "Montreal CAN"]
[Date "2016.07.23"]
[Round "1.4"]
[White "Lebeau, Gilbert"]
[Black "Hirschberg, Valerian"]
[Result "0-1"]
[WhiteElo "1993"]
[BlackElo "2325"]
[PlyCount "130"]
[EventDate "2016.07.23"]
[EventType "swiss"]
[EventRounds "8"]
[EventCountry "CAN"]

1. d4 d5 2. c4 dxc4 3. e3 a6 4. Bxc4 Nf6 5. Nf3 e6 6. O-O b5 7. Be2 Bb7 8. a3
c5 9. dxc5 Bxc5 10. Qxd8+ Kxd8 11. b4 Bd6 12. Bb2 Nbd7 13. Nbd2 e5 14. Rfd1 Ke7
15. Nb3 Rhc8 16. Rac1 Rxc1 17. Rxc1 Rc8 18. Rxc8 Bxc8 19. Na5 e4 20. Nd4 Ne5
21. Ndc6+ Nxc6 22. Nxc6+ Kf8 23. Nd4 Nd5 24. Bd1 Nb6 25. Bb3 g6 26. Kf1 Bb7 27.
h3 Bd5 28. Bxd5 Nxd5 29. Ke2 Nb6 30. Nb3 Nc4 31. Bc1 Ke7 32. f4 Kd7 33. g4 Kc6
34. Kd1 Kb6 35. Kc2 Kc6 36. Na5+ Nxa5 37. bxa5 Kd5 38. Kb3 h5 39. Kc3 Bc7 40.
Kb4 hxg4 41. hxg4 f5 42. gxf5 gxf5 43. Bd2 Bd6+ 44. Kb3 Bc5 45. Bc1 Ke6 46. a4
Kd5 47. axb5 axb5 48. Bd2 Kc6 49. Kc3 Kb7 50. Kb3 Ka6 51. Kb2 Ba7 52. Kb3 Bb8
53. Kc3 Kxa5 54. Kd4+ Ka4 55. Kd5 b4 56. Bxb4 Kxb4 57. Ke6 Kc3 58. Kxf5 Kd3 59.
Ke6 Bxf4 60. exf4 e3 61. f5 e2 62. f6 e1=Q+ 63. Kf7 Qe5 64. Kg6 Kd4 65. f7 Qh8
0-1

[Event "Quebec op"]
[Site "Montreal CAN"]
[Date "2016.07.23"]
[Round "1.5"]
[White "Barbeau, Sylvain"]
[Black "Johnson, Nicholas"]
[Result "1-0"]
[WhiteElo "2313"]
[BlackElo "1992"]
[PlyCount "61"]
[EventDate "2016.07.23"]
[EventType "swiss"]
[EventRounds "8"]
[EventCountry "CAN"]

1. Nf3 f5 2. g3 Nf6 3. Bg2 e6 4. O-O Be7 5. c4 O-O 6. d3 Nc6 7. a3 a5 8. Nc3
Qe8 9. e4 fxe4 10. dxe4 e5 11. Nd5 Bd8 12. c5 Qh5 13. Be3 d6 14. Nd2 Qxd1 15.
Rfxd1 Ng4 16. cxd6 Nxe3 17. Nxe3 cxd6 18. Ndc4 Nd4 19. Nxd6 Bc7 20. Ndf5 Nxf5
21. exf5 Bxf5 22. Nxf5 Rxf5 23. Bxb7 Rb8 24. Be4 Rf6 25. b3 Bb6 26. Ra2 Rbf8
27. Rdd2 h5 28. h4 Bd4 29. Kg2 Rc8 30. Rac2 Rc5 31. Rxd4 1-0

[Event "Quebec op"]
[Site "Montreal CAN"]
[Date "2016.07.23"]
[Round "1.6"]
[White "Forget, Luc"]
[Black "Voskanyan, Vahagn"]
[Result "0-1"]
[WhiteElo "1986"]
[BlackElo "2208"]
[PlyCount "54"]
[EventDate "2016.07.23"]
[EventType "swiss"]
[EventRounds "8"]
[EventCountry "CAN"]

1. d4 Nf6 2. c4 e6 3. Nc3 Bb4 4. e3 O-O 5. Nf3 b6 6. Bd3 Bb7 7. Qc2 d5 8. a3
Bxc3+ 9. bxc3 Nbd7 10. cxd5 exd5 11. O-O Re8 12. a4 a5 13. Ba3 Ne4 14. Bb5 Rc8
15. Rac1 c6 16. Bd3 c5 17. dxc5 Ndxc5 18. Rfd1 Qf6 19. Bb2 Nxd3 20. Rxd3 Qg6
21. Rd4 Rc5 22. Rcd1 Rec8 23. Ne5 Qg5 24. Nd7 Nxc3 25. Bxc3 Rxc3 26. Qb2 Rc2
27. Qb3 Qf5 0-1

[Event "Quebec op"]
[Site "Montreal CAN"]
[Date "2016.07.23"]
[Round "1.8"]
[White "Lopez Linares, Lizandro"]
[Black "Bolduc, Steve"]
[Result "1/2-1/2"]
[WhiteElo "1984"]
[BlackElo "2194"]
[PlyCount "66"]
[EventDate "2016.07.23"]
[EventType "swiss"]
[EventRounds "8"]
[EventCountry "CAN"]

1. d4 d5 2. Nf3 e6 3. c4 c5 4. cxd5 exd5 5. Nc3 Nc6 6. g3 Nf6 7. Bg2 Be7 8. O-O
O-O 9. dxc5 Bxc5 10. Bg5 d4 11. Bxf6 Qxf6 12. Nd5 Qf5 13. Nd2 Rd8 14. Nf4 Bf8
15. Rc1 Qb5 16. Qb3 a6 17. Bd5 Qxb3 18. Bxb3 g5 19. Nh5 Be7 20. Ne4 Be6 21.
Bxe6 fxe6 22. Nc5 Bxc5 23. Rxc5 e5 24. b4 Rd6 25. b5 axb5 26. Rxb5 Rxa2 27.
Rxb7 Ra7 28. Rfb1 Rxb7 29. Rxb7 e4 30. Kf1 h6 31. Ke1 d3 32. exd3 exd3 33. Rd7
Re6+ 1/2-1/2

[Event "Quebec op"]
[Site "Montreal CAN"]
[Date "2016.07.23"]
[Round "1.9"]
[White "Prahov, Valentin"]
[Black "Doubleday, William"]
[Result "1/2-1/2"]
[WhiteElo "2188"]
[BlackElo "1981"]
[PlyCount "90"]
[EventDate "2016.07.23"]
[EventType "swiss"]
[EventRounds "8"]
[EventCountry "CAN"]

1. e4 c5 2. d4 cxd4 3. c3 Nf6 4. Bd3 dxc3 5. Nxc3 Nc6 6. Nf3 d6 7. O-O e6 8.
Qe2 Be7 9. Rd1 Qc7 10. Bf4 a6 11. Rac1 O-O 12. h3 Qa5 13. a3 Ne5 14. Nxe5 dxe5
15. Bg3 Bd7 16. Nb1 Bc6 17. b4 Qc7 18. Nc3 Rad8 19. Na4 Nd7 20. Nb2 b5 21. a4
Qb7 22. axb5 axb5 23. Qe1 Rc8 24. Bb1 Rfd8 25. f3 f6 26. Nd3 Nf8 27. Bf2 Be8
28. Nc5 Rxd1 29. Qxd1 Qc6 30. Ba2 Bf7 31. Be3 Qd6 32. Qe2 Qb8 33. Rd1 Rd8 34.
Rxd8 Bxd8 35. Bb3 Be7 36. Kf2 Qe8 37. Qa2 Bd6 38. Qa6 Qb8 39. Nd3 Bc7 40. Qc6
Be8 41. Bxe6+ Nxe6 42. Qxe6+ Bf7 43. Qc6 Bc4 44. Nc5 Bb6 45. h4 Qd8 1/2-1/2

[Event "Quebec op"]
[Site "Montreal CAN"]
[Date "2016.07.23"]
[Round "1.10"]
[White "Turcotte, Jonathan"]
[Black "Taborsky, Rostislav"]
[Result "1-0"]
[WhiteElo "1975"]
[BlackElo "2180"]
[PlyCount "61"]
[EventDate "2016.07.23"]
[EventType "swiss"]
[EventRounds "8"]
[EventCountry "CAN"]

1. d4 Nf6 2. c4 e6 3. Nf3 c5 4. d5 d6 5. Nc3 exd5 6. cxd5 g6 7. h3 a6 8. a4 Qe7
9. Bf4 Bg7 10. e3 O-O 11. Bd3 Nbd7 12. O-O Ne8 13. Qe2 Ne5 14. Bxe5 dxe5 15.
Nd2 f5 16. e4 f4 17. a5 Nd6 18. Na4 c4 19. Nxc4 f3 20. Qe3 Qh4 21. Nxd6 Bh6 22.
Nf5 Rxf5 23. exf5 Bxe3 24. fxe3 fxg2 25. Kxg2 Bxf5 26. Bxf5 gxf5 27. Rxf5 Qe4+
28. Rf3 Kh8 29. Nc3 Rg8+ 30. Kf2 Qc2+ 31. Ne2 1-0

[Event "Quebec op"]
[Site "Montreal CAN"]
[Date "2016.07.23"]
[Round "1.11"]
[White "Caire, Francois"]
[Black "Jacquet, Stephane"]
[Result "1-0"]
[WhiteElo "2161"]
[BlackElo "1969"]
[PlyCount "71"]
[EventDate "2016.07.23"]
[EventType "swiss"]
[EventRounds "8"]
[EventCountry "CAN"]

1. g3 d5 2. Nf3 Nf6 3. Bg2 Nbd7 4. d4 e6 5. O-O Bd6 6. c4 c6 7. Nbd2 a5 8. Qc2
O-O 9. e4 dxe4 10. Nxe4 Nxe4 11. Qxe4 c5 12. Rd1 Qb6 13. d5 Nf6 14. Qc2 exd5
15. cxd5 Bg4 16. Bg5 Nd7 17. Re1 Rfe8 18. Nd2 Ne5 19. Be3 Rac8 20. f4 Nd7 21.
Nc4 Qc7 22. h3 Bh5 23. g4 Bxf4 24. gxh5 Bh2+ 25. Kh1 b5 26. Nd2 Bg3 27. Re2 c4
28. Ne4 b4 29. h6 g6 30. Rd1 Bh4 31. d6 Qb8 32. Qd2 Re6 33. Qd4 f6 34. Qd5 Rce8
35. Nc5 Nxc5 36. Bxc5 1-0

[Event "Quebec op"]
[Site "Montreal CAN"]
[Date "2016.07.23"]
[Round "1.12"]
[White "Poulin, Maurice"]
[Black "Fillion, Steve"]
[Result "1/2-1/2"]
[WhiteElo "1954"]
[BlackElo "2136"]
[PlyCount "100"]
[EventDate "2016.07.23"]
[EventType "swiss"]
[EventRounds "8"]
[EventCountry "CAN"]

1. e4 c6 2. Nc3 d5 3. Nf3 dxe4 4. Nxe4 Nf6 5. Nxf6+ exf6 6. d4 Bd6 7. Be3 O-O
8. Bd3 Re8 9. Qd2 Be6 10. O-O Nd7 11. Bf4 Nf8 12. Bxd6 Qxd6 13. Rfe1 Ng6 14.
Bxg6 hxg6 15. Re3 Red8 16. Qa5 b6 17. Qa3 a5 18. Qxd6 Rxd6 19. a3 a4 20. Rae1
Ra5 21. c3 Rb5 22. R1e2 Rb3 23. d5 Rxd5 24. Nd4 Rxd4 25. cxd4 Rb5 26. Rc3 Bd7
27. Rc4 Rd5 28. f3 b5 29. Rb4 Be6 30. Rc2 Rd6 31. d5 Bxd5 32. Rd4 Kf8 33. Kf2
g5 34. Ke3 Ke7 35. h4 Re6+ 36. Kd2 Re5 37. Rc1 gxh4 38. Rxh4 Rg5 39. Rh2 Kd6
40. Ke3 Re5+ 41. Kf2 Bc4 42. Rc2 g5 43. Rh1 f5 44. Rd1+ Kc5 45. Rd7 Kb6 46.
Rcd2 f4 47. Rd8 Kc5 48. Rb8 Re7 49. Rbd8 Re5 50. Rb8 Re7 1/2-1/2

[Event "Quebec op"]
[Site "Montreal CAN"]
[Date "2016.07.23"]
[Round "1.13"]
[White "Berube, Antoine"]
[Black "Barre, Michel"]
[Result "1/2-1/2"]
[WhiteElo "2129"]
[BlackElo "1942"]
[PlyCount "70"]
[EventDate "2016.07.23"]
[EventType "swiss"]
[EventRounds "8"]
[EventCountry "CAN"]

1. d4 Nf6 2. c4 e6 3. Nf3 d5 4. Bg5 c6 5. Nc3 Nbd7 6. e3 Qa5 7. Nd2 Bb4 8. Qc2
O-O 9. Be2 dxc4 10. Bxf6 Nxf6 11. Nxc4 Qc7 12. O-O b6 13. a3 Be7 14. b4 Ba6 15.
Ne5 Bxe2 16. Qxe2 Nd7 17. Nxd7 Qxd7 18. Rfd1 Rfc8 19. g3 h6 20. Rab1 Qb7 21.
Rd2 Rd8 22. a4 a5 23. bxa5 Rxa5 24. Rdb2 Ra6 25. Qc4 Rb8 26. Ne4 Qa8 27. Nc5
Bxc5 28. Qxc5 Rxa4 29. Rxb6 Rxb6 30. Rxb6 Ra6 31. Rxa6 Qxa6 32. Qe7 g6 33. h4
h5 34. Qc7 Qb5 35. Qf4 Qd5 1/2-1/2

[Event "Quebec op"]
[Site "Montreal CAN"]
[Date "2016.07.23"]
[Round "1.14"]
[White "Bora, Yagiz"]
[Black "Luksza, Arkadiusz"]
[Result "1-0"]
[WhiteElo "1918"]
[BlackElo "2129"]
[PlyCount "33"]
[EventDate "2016.07.23"]
[EventType "swiss"]
[EventRounds "8"]
[EventCountry "CAN"]

1. e4 d6 2. d4 g6 3. Nc3 Bg7 4. Be3 Nf6 5. Qd2 c6 6. Bh6 Bxh6 7. Qxh6 Qa5 8.
Bd3 Qb4 9. Nge2 Qxb2 10. O-O Nbd7 11. f4 Qb6 12. Rab1 Qa5 13. e5 Nd5 14. Nxd5
Qxd5 15. c4 Qe6 16. Qg7 Rf8 17. f5 1-0

[Event "Quebec op"]
[Site "Montreal CAN"]
[Date "2016.07.23"]
[Round "1.15"]
[White "Chipanga, Takaedza"]
[Black "Vorobev, Alexander"]
[Result "1/2-1/2"]
[WhiteElo "2125"]
[BlackElo "1900"]
[PlyCount "92"]
[EventDate "2016.07.23"]
[EventType "swiss"]
[EventRounds "8"]
[EventCountry "CAN"]

1. d4 d5 2. c4 e6 3. Nf3 Nf6 4. Nc3 Be7 5. g3 O-O 6. Bg2 dxc4 7. Ne5 Nbd7 8.
Nxc4 c5 9. O-O cxd4 10. Qxd4 Bc5 11. Qd1 Qe7 12. Na4 Rb8 13. Nxc5 Qxc5 14. b3
b5 15. Be3 Qh5 16. Nd6 Ng4 17. h3 Nxe3 18. fxe3 Nf6 19. Qd4 e5 20. Qh4 Qxh4 21.
gxh4 Be6 22. e4 Rfd8 23. Rfd1 g6 24. Rd3 Nh5 25. e3 Kf8 26. Rad1 Ke7 27. a4 a6
28. axb5 axb5 29. Kf2 Bxb3 30. Rxb3 Rxd6 31. Rdb1 Rd2+ 32. Kg1 Rc8 33. Rxb5
Rcc2 34. Rxe5+ Kf6 35. Rg5 h6 36. Rg4 Kg7 37. e5 Rc5 38. e6 Nf6 39. Rg3 fxe6
40. Bf3 Rcc2 41. h5 g5 42. h4 Rc5 43. Kh1 Nd7 44. Rbg1 Rcc2 45. Bg2 Rc5 46. Bf3
Rcc2 1/2-1/2

[Event "Quebec op"]
[Site "Montreal CAN"]
[Date "2016.07.23"]
[Round "1.17"]
[White "Soudre, Nicolas"]
[Black "Nunez, Omar"]
[Result "1-0"]
[WhiteElo "2084"]
[BlackElo "1895"]
[PlyCount "77"]
[EventDate "2016.07.23"]
[EventType "swiss"]
[EventRounds "8"]
[EventCountry "CAN"]

1. e4 d5 2. Nc3 dxe4 3. Nxe4 Qd5 4. Ng3 c5 5. Nf3 Nf6 6. Bb5+ Nc6 7. O-O Bg4 8.
c4 Qd6 9. h3 Bd7 10. d3 O-O-O 11. Qe2 e6 12. Bg5 Be7 13. Rad1 Qc7 14. Qe3 a6
15. Ba4 Qa5 16. Bb3 h6 17. Bf4 g5 18. Be5 Rhg8 19. Bc3 Qc7 20. Ne5 Nxe5 21.
Bxe5 Qc6 22. d4 cxd4 23. Bxd4 Ne8 24. Bc2 f5 25. Nxf5 exf5 26. Qxe7 g4 27. h4
g3 28. Qc5 gxf2+ 29. Rxf2 Nd6 30. Qxc6+ Bxc6 31. Be5 Ne4 32. Rxd8+ Kxd8 33.
Rxf5 Nd2 34. g3 Nxc4 35. Bb3 b5 36. Bf4 Kd7 37. Rf6 h5 38. Bxc4 bxc4 39. Rd6+
1-0

[Event "Quebec op"]
[Site "Montreal CAN"]
[Date "2016.07.23"]
[Round "1.18"]
[White "Huang, Qiuyu"]
[Black "Babb, Jeff"]
[Result "1-0"]
[WhiteElo "1964"]
[BlackElo "2096"]
[PlyCount "157"]
[EventDate "2016.07.23"]
[EventType "swiss"]
[EventRounds "8"]
[EventCountry "CAN"]

1. e4 d5 2. exd5 Qxd5 3. Nc3 Qd6 4. Bc4 Nf6 5. d4 c6 6. Nge2 Nd5 7. Bxd5 cxd5
8. Bf4 Qc6 9. Qd3 Na6 10. a3 e6 11. Qg3 Bd7 12. O-O f6 13. h4 Kf7 14. Rab1 b5
15. b4 Be7 16. Nc1 Rac8 17. Rb3 Qb6 18. Rd1 Rc4 19. Nd3 Rxd4 20. Be3 Rxd3 21.
Rxd3 Qb7 22. f4 Rc8 23. Qf2 Rc7 24. Rb2 Nb8 25. f5 a6 26. fxe6+ Bxe6 27. Qf3
Rd7 28. Qh5+ Kf8 29. Qxh7 Nc6 30. Qh8+ Kf7 31. Qh5+ Kf8 32. Ne2 Ne5 33. Nf4 Bg4
34. Ng6+ Nxg6 35. Qxg6 Be6 36. h5 Bf7 37. Qh7 Bg8 38. Qf5 Bf7 39. h6 g6 40. Qf2
Kg8 41. Bc5 Qc6 42. h7+ Kxh7 43. Rh3+ Kg7 44. Bd4 Be6 45. Rh1 Bg8 46. Rb3 Rc7
47. Rc3 Qd7 48. Re3 Rc6 49. c3 Re6 50. Rf3 Qc6 51. Qd2 Re4 52. Rg3 Kf7 53. Rh6
f5 54. Qf2 Bh4 55. Qxf5+ gxf5 56. Rg7+ Kf8 57. Rxc6 Rxd4 58. Rxg8+ Kxg8 59.
cxd4 Kf7 60. Rxa6 Bf6 61. Rd6 Bxd4+ 62. Kf1 Bb2 63. Rxd5 Ke6 64. Rxb5 Bxa3 65.
Ke2 Bb2 66. Kf3 Bc3 67. Ke3 Be1 68. Kd3 Bf2 69. Kc4 f4 70. Rd5 Be3 71. Rd1 Kf5
72. Kd3 Kg4 73. Ke2 Bb6 74. b5 Kg3 75. Kf1 Kg4 76. Rd6 Bc5 77. Rc6 Bd4 78. b6
Kf5 79. b7 1-0

[Event "Quebec op"]
[Site "Montreal CAN"]
[Date "2016.07.23"]
[Round "1.19"]
[White "Fan, Run Kun"]
[Black "Gauthier, Denis"]
[Result "1/2-1/2"]
[WhiteElo "2094"]
[BlackElo "1832"]
[PlyCount "52"]
[EventDate "2016.07.23"]
[EventType "swiss"]
[EventRounds "8"]
[EventCountry "CAN"]

1. c4 e5 2. Nc3 Nc6 3. g3 f5 4. Bg2 Nf6 5. d3 Bb4 6. a3 Bxc3+ 7. bxc3 d6 8. Rb1
O-O 9. Nh3 Qe8 10. c5 d5 11. Bg5 Qf7 12. Bxf6 gxf6 13. d4 Kh8 14. f4 e4 15. e3
b6 16. Bf1 Qe7 17. Bb5 Na5 18. Qa4 Be6 19. O-O Rg8 20. Rf2 h5 21. Rg2 Rac8 22.
Kh1 Qd8 23. Qd1 Bf7 24. Ng1 Qe7 25. Qa4 Qd8 26. Qd1 Qe7 1/2-1/2

[Event "Quebec op"]
[Site "Montreal CAN"]
[Date "2016.07.23"]
[Round "1.20"]
[White "Saha, Ananda"]
[Black "Currie, James"]
[Result "1-0"]
[WhiteElo "1861"]
[BlackElo "2056"]
[PlyCount "23"]
[EventDate "2016.07.23"]
[EventType "swiss"]
[EventRounds "8"]
[EventCountry "CAN"]

1. d4 c5 2. d5 Nf6 3. c4 Ne4 4. f3 Qa5+ 5. Bd2 Nxd2 6. Qxd2 Qxd2+ 7. Nxd2 b5 8.
cxb5 Bb7 9. e4 a6 10. Nb3 d6 11. Na5 Ra7 12. b6 1-0

[Event "Quebec op"]
[Site "Montreal CAN"]
[Date "2016.07.23"]
[Round "1.21"]
[White "Tremblay, Alain"]
[Black "Goldner, John"]
[Result "1-0"]
[WhiteElo "2044"]
[BlackElo "1818"]
[PlyCount "113"]
[EventDate "2016.07.23"]
[EventType "swiss"]
[EventRounds "8"]
[EventCountry "CAN"]

1. Nf3 d5 2. d4 Nf6 3. Bg5 e6 4. e3 Be7 5. Nbd2 O-O 6. Bd3 Nbd7 7. c3 c5 8. Ne5
Nxe5 9. dxe5 Nd7 10. Bxe7 Qxe7 11. O-O Nxe5 12. Bxh7+ Kxh7 13. Qh5+ Kg8 14.
Qxe5 f6 15. Qg3 e5 16. Rad1 Be6 17. Nf3 Rfd8 18. Nh4 Rd7 19. f4 exf4 20. Rxf4
g5 21. Rdf1 Qg7 22. Rxf6 gxh4 23. Qxg7+ Kxg7 24. Rxe6 d4 25. exd4 cxd4 26. cxd4
Rxd4 27. Re7+ Kg6 28. Rxb7 Rd2 29. h3 Re8 30. Rb4 Kh5 31. Rff4 Re1+ 32. Kh2
Ree2 33. Rxh4+ Kg6 34. Rhg4+ Kh6 35. Rb8 Kh7 36. Rb7+ Kh6 37. Rxa7 Rxb2 38. a4
Ra2 39. Ra8 Kh7 40. h4 Re5 41. Ra7+ Kh6 42. Rag7 Re6 43. Ra7 Re5 44. Rb4 Kh5
45. Rab7 Ree2 46. Rg7 Kh6 47. Rg5 Re6 48. a5 Kh7 49. Rb7+ Kh8 50. Rc5 Re8 51.
Kh3 Ra4 52. h5 Rg8 53. Rcc7 Ra3+ 54. Kh2 Rd8 55. Rh7+ Kg8 56. Rbg7+ Kf8 57. h6
1-0

[Event "Quebec op"]
[Site "Montreal CAN"]
[Date "2016.07.23"]
[Round "1.22"]
[White "Johnson-Constantin, Matthieu"]
[Black "Libersan, Thierry"]
[Result "0-1"]
[WhiteElo "1869"]
[BlackElo "2043"]
[PlyCount "40"]
[EventDate "2016.07.23"]
[EventType "swiss"]
[EventRounds "8"]
[EventCountry "CAN"]

1. d4 d5 2. Nf3 e6 3. Bf4 Nf6 4. h3 c5 5. e3 Qb6 6. b3 Bd7 7. Nbd2 Bb5 8. c4
Ba6 9. Bd3 Nc6 10. dxc5 Bxc5 11. O-O O-O 12. a3 Be7 13. Qb1 Rfd8 14. Rc1 h6 15.
b4 dxc4 16. Nxc4 Bxc4 17. Rxc4 Nd5 18. Bg3 Bf6 19. Rc5 Bxa1 20. Rb5 Nc3 0-1

[Event "Quebec op"]
[Site "Montreal CAN"]
[Date "2016.07.23"]
[Round "1.23"]
[White "Allard, Laurent"]
[Black "Lafleche, Alain"]
[Result "1-0"]
[WhiteElo "2040"]
[BlackElo "1749"]
[PlyCount "31"]
[EventDate "2016.07.23"]
[EventType "swiss"]
[EventRounds "8"]
[EventCountry "CAN"]

1. e4 e5 2. Nf3 Nc6 3. Bc4 Nf6 4. d3 Bc5 5. c3 d6 6. Bb3 a6 7. O-O Ba7 8. Re1
Bg4 9. h3 Bh5 10. Nbd2 Qd7 11. Nf1 h6 12. Ng3 Bg6 13. d4 O-O-O 14. Ba4 b5 15.
Bc2 Rhe8 16. d5 1-0

[Event "Quebec op"]
[Site "Montreal CAN"]
[Date "2016.07.23"]
[Round "1.24"]
[White "Pozdnyakov, Alexander"]
[Black "Malek, Omid"]
[Result "0-1"]
[WhiteElo "1697"]
[BlackElo "2053"]
[PlyCount "44"]
[EventDate "2016.07.23"]
[EventType "swiss"]
[EventRounds "8"]
[EventCountry "CAN"]

1. g3 d5 2. f4 c5 3. Nf3 Nc6 4. Bg2 e6 5. O-O Bd6 6. b3 Nge7 7. Bb2 O-O 8. d3
b5 9. e4 Qb6 10. e5 Bc7 11. c3 a5 12. Nbd2 c4+ 13. d4 Ba6 14. Nh4 Rad8 15. Kh1
b4 16. f5 exf5 17. Nxf5 Nxf5 18. Rxf5 bxc3 19. Bxc3 Nxd4 20. Bxd4 Qxd4 21. Nf3
Qc5 22. Nd4 Bc8 0-1

[Event "Quebec op"]
[Site "Montreal CAN"]
[Date "2016.07.23"]
[Round "1.25"]
[White "Robichaud, Louis"]
[Black "Saine, Zachary"]
[Result "0-1"]
[WhiteElo "2056"]
[BlackElo "1680"]
[PlyCount "102"]
[EventDate "2016.07.23"]
[EventType "swiss"]
[EventRounds "8"]
[EventCountry "CAN"]

1. e4 e5 2. Nf3 Nc6 3. Bb5 Nf6 4. O-O Nxe4 5. d4 Nd6 6. Ba4 e4 7. Re1 Be7 8.
Ne5 O-O 9. Nc3 Bf6 10. Nxe4 Nxe4 11. Rxe4 d5 12. Re1 Ne7 13. Bd2 Nf5 14. Bb4
Nd6 15. Bb3 Be6 16. a4 a5 17. Ba3 Re8 18. Qf3 Ne4 19. Rad1 c6 20. c4 Be7 21.
cxd5 cxd5 22. Bxe7 Qxe7 23. Nd3 Qg5 24. h3 Nd2 25. Rxd2 Qxd2 26. Re2 Qg5 27.
Re5 Qf6 28. Qe3 Kf8 29. Nf4 Rad8 30. Bxd5 Bxd5 31. Nxd5 Qd6 32. Nc3 Rxe5 33.
dxe5 Qd4 34. Qg5 h6 35. Qf5 Kg8 36. e6 fxe6 37. Qxe6+ Kh8 38. Qe7 b6 39. Kh1
Qd2 40. g3 Rg8 41. Ne2 Qxb2 42. Nf4 Qa1+ 43. Kh2 Qxa4 44. Qe3 Qc2 45. Qxb6 a4
46. Qa7 Qb3 47. Qe7 Rb8 48. Ne6 Qb2 49. Qf7 a3 50. Nf8 a2 51. Qf5 Qb1 0-1

[Event "Quebec op"]
[Site "Montreal CAN"]
[Date "2016.07.23"]
[Round "1.26"]
[White "Dube, Daniel"]
[Black "Gagnon, Serge"]
[Result "0-1"]
[WhiteElo "1678"]
[BlackElo "2013"]
[PlyCount "113"]
[EventDate "2016.07.23"]
[EventType "swiss"]
[EventRounds "8"]
[EventCountry "CAN"]

1. e4 d6 2. d4 Nf6 3. Bd3 e5 4. c3 Nc6 5. d5 Ne7 6. Nf3 c5 7. O-O Ng6 8. a4 Be7
9. Bb5+ Kf8 10. Re1 h5 11. h3 h4 12. Na3 Nh5 13. Kh2 Ngf4 14. Ng1 Bd7 15. Be2
Nxe2 16. Nxe2 f5 17. exf5 Bxf5 18. Nc4 Qe8 19. Ne3 Bd7 20. Ng4 Qf7 21. Rf1 Nf4
22. Nxf4 exf4 23. Qf3 g5 24. Re1 Re8 25. Bd2 Bd8 26. Rxe8+ Bxe8 27. c4 Bd7 28.
Bc3 Rh7 29. a5 Qf5 30. Re1 Re7 31. Rxe7 Bxe7 32. Qe2 Qg6 33. f3 Bf5 34. Nf2 Bf6
35. Ne4 Bxc3 36. bxc3 Qe8 37. Kg1 Qe5 38. Qd3 Ke7 39. Qb1 Bxe4 40. fxe4 Qxc3
41. Qxb7+ Kf6 42. Qc8 Qe1+ 43. Kh2 Qg3+ 44. Kg1 Ke5 45. Qe6+ Kd4 46. Qxd6 Kxc4
47. Qa6+ Kb4 48. Qe2 c4 49. d6 f3 50. Qd2+ c3 51. Qd4+ Kb3 52. Qd1+ Kb2 53. Qf1
Qxd6 54. Qb5+ Kc1 55. Qxg5+ Qd2 56. Qg7 f2+ 57. Kh2 0-1

[Event "Quebec op"]
[Site "Montreal CAN"]
[Date "2016.07.23"]
[Round "1.27"]
[White "Trahan, Daniel"]
[Black "Steinberg, Ellis"]
[Result "1-0"]
[WhiteElo "1962"]
[BlackElo "1581"]
[PlyCount "65"]
[EventDate "2016.07.23"]
[EventType "swiss"]
[EventRounds "8"]
[EventCountry "CAN"]

1. d4 Nf6 2. c4 g6 3. Nc3 Bg7 4. e4 d6 5. Nf3 O-O 6. Be2 e5 7. O-O Nc6 8. d5
Ne7 9. b4 Nh5 10. g3 f5 11. Ng5 Nf6 12. f3 h6 13. Ne6 Bxe6 14. dxe6 c6 15. b5
d5 16. cxd5 cxd5 17. exd5 Nfxd5 18. Nxd5 Qxd5 19. Qxd5 Nxd5 20. Bc4 Ne7 21. Ba3
Rfc8 22. Bb3 Kf8 23. Rad1 Rd8 24. Bd5 Rab8 25. Bxb7 Ke8 26. Bc6+ Nxc6 27. bxc6
Rd4 28. c7 Rc8 29. Bd6 Bf8 30. Bxe5 Rxd1 31. Rxd1 Bc5+ 32. Kf1 Ke7 33. Rd8 1-0

[Event "Quebec op"]
[Site "Montreal CAN"]
[Date "2016.07.23"]
[Round "1.28"]
[White "Wenaas, Eric"]
[Black "Bouchard, Jean-Marc"]
[Result "1/2-1/2"]
[WhiteElo "2156"]
[BlackElo "1866"]
[PlyCount "44"]
[EventDate "2016.07.23"]
[EventType "swiss"]
[EventRounds "8"]
[EventCountry "CAN"]

1. e4 e6 2. d4 d5 3. e5 Bd7 4. Nf3 a6 5. Be2 Bb5 6. O-O Bxe2 7. Qxe2 Ne7 8. Be3
Nd7 9. Nbd2 Nf5 10. c4 dxc4 11. d5 Nxe3 12. Qxe3 exd5 13. e6 fxe6 14. Qxe6+ Qe7
15. Qxd5 O-O-O 16. Nxc4 Nf6 17. Qf5+ Kb8 18. Rad1 g6 19. Qe5 Rxd1 20. Rxd1 Qxe5
21. Rd8+ Ka7 22. Ncxe5 Bg7 1/2-1/2

[Event "Quebec op"]
[Site "Montreal CAN"]
[Date "2016.07.24"]
[Round "2.1"]
[White "Allard, Laurent"]
[Black "Sambuev, Bator"]
[Result "0-1"]
[WhiteElo "2040"]
[BlackElo "2536"]
[PlyCount "56"]
[EventDate "2016.07.23"]
[EventType "swiss"]
[EventRounds "8"]
[EventCountry "CAN"]

1. e4 e6 2. d4 d5 3. Nd2 c5 4. exd5 exd5 5. Ngf3 Nf6 6. Bb5+ Bd7 7. Bxd7+ Nbxd7
8. O-O Be7 9. dxc5 Nxc5 10. Nb3 Nce4 11. Bf4 O-O 12. Qd3 Re8 13. Rad1 Qb6 14.
Nfd4 Rac8 15. c3 Nd6 16. Bxd6 Bxd6 17. Nf5 Bf8 18. Ne3 Rcd8 19. Qc2 g6 20. Rfe1
h5 21. Nd4 Bc5 22. Qb3 Qc7 23. h3 Bb6 24. Rd2 Re4 25. Red1 Rde8 26. Ndc2 Qf4
27. Rd3 h4 28. Rf1 Bc7 0-1

[Event "Quebec op"]
[Site "Montreal CAN"]
[Date "2016.07.24"]
[Round "2.4"]
[White "Hirschberg, Valerian"]
[Black "Turcotte, Jonathan"]
[Result "1-0"]
[WhiteElo "2329"]
[BlackElo "1975"]
[PlyCount "51"]
[EventDate "2016.07.23"]
[EventType "swiss"]
[EventRounds "8"]
[EventCountry "CAN"]

1. Nf3 d5 2. c4 c6 3. g3 Nf6 4. Bg2 Bf5 5. cxd5 cxd5 6. Qb3 Nc6 7. O-O e5 8. d3
Be7 9. Bg5 O-O 10. Nc3 d4 11. Bxf6 Bxf6 12. Nd5 Rb8 13. Rfc1 Be6 14. Nxf6+ gxf6
15. Qd1 f5 16. Qd2 f6 17. Nh4 Rc8 18. Rc5 Qd7 19. f4 b6 20. Rxc6 Rxc6 21. Bxc6
Qxc6 22. fxe5 fxe5 23. Qg5+ Kh8 24. Qh6 Rf7 25. Ng6+ Kg8 26. Nxe5 1-0

[Event "Quebec op"]
[Site "Montreal CAN"]
[Date "2016.07.24"]
[Round "2.5"]
[White "Gagnon, Serge"]
[Black "Barbeau, Sylvain"]
[Result "0-1"]
[WhiteElo "2013"]
[BlackElo "2313"]
[PlyCount "68"]
[EventDate "2016.07.23"]
[EventType "swiss"]
[EventRounds "8"]
[EventCountry "CAN"]

1. d4 Nf6 2. c4 g6 3. Nf3 Bg7 4. g3 O-O 5. Bg2 d5 6. O-O dxc4 7. Nc3 Nc6 8. e4
Bg4 9. Be3 Nd7 10. h3 Bxf3 11. Bxf3 Nb6 12. d5 Ne5 13. Be2 c6 14. dxc6 bxc6 15.
Qc2 Qc8 16. Kg2 Rd8 17. Rad1 Qe6 18. Rxd8+ Rxd8 19. Rd1 Rxd1 20. Qxd1 Qd6 21.
Qf1 Nd3 22. Nd1 Qb4 23. Bxd3 cxd3 24. Qxd3 h5 25. Qd8+ Kh7 26. Qd3 Bxb2 27. Qc2
Bf6 28. Bc5 Qa5 29. Ne3 Nd7 30. e5 Nxc5 31. exf6 exf6 32. Nc4 Qd8 33. Ne3 Qd6
34. Qe2 Qe6 0-1